| 000 | 01625nam0a2200361 4500 | ||
|---|---|---|---|
| 001 | RU\NLR\BIBL_A\012639534 | ||
| 005 | 20211203112645.0 | ||
| 010 |
_a978-5-6044474-1-3 _9400 |
||
| 021 |
_aRU _bАЛ-П-21-00171и _9АЛ-П-21-0032 |
||
| 035 | _a(NLR Aleph) 012639534 | ||
| 090 |
_a12691262 _c12691262 |
||
| 100 | _a20211110d2020 u y0rusy50 ca | ||
| 101 | 0 | _arus | |
| 102 | _aRU | ||
| 105 | _aac z 000zy | ||
| 181 | 0 |
_ab3 _bxb2e |
|
| 181 | 0 |
_ai1 _baxxe |
|
| 182 | 0 | _an | |
| 200 | 1 |
_aАбдулзагир Мусаев _eживопись, графика, монументальное искусство _e[альбом _fавтор вступительной статьи: Наталья Мусаева, кандидат искусствоведения _gРоссийская академия художеств и др.] |
|
| 203 |
_aИзображение _aТекст _bвизуальные _cнепосредственные |
||
| 210 |
_aМахачкала _cДагестан _d2020 |
||
| 215 |
_a179, [1] с. _cил., цв. ил., портр. _d30 |
||
| 600 | 1 |
_aМусаев _bА. Б. _gАбдулзагир Бозгитович _f1951 _jАльбомы _2nlr_sh2 _3RU\NLR\AUTH\6601671271 |
|
| 686 | 1 | _aЩ143(2Р37Д)7-8Мусаев я61 | |
| 700 | 1 |
_aМусаев _bА. Б. _f1951- _gАбдулзагир Бозгитович |
|
| 712 | 0 | 2 |
_aРоссийская академия художеств _3RU\NLR\AUTH\8811362 _4570 |
| 942 | _cBOOK | ||
| 980 | _aNBR | ||
| 980 | _aNB | ||